000 00547nam a2200205Ia 4500
005 20250508161635.0
008 008 250505s9999 xx 000 0 eng d
037 _aTextual
040 _aFEDL
_beng
_cFEDL
041 _aeng
_2eng
084 _a339.46, MEI
_qFEDL
100 _aMeier Gerlad M.
245 0 _aLeading issues in economic development studies in international poverty
250 _a2nd
260 _c1970
300 _axviii,758p.
650 _aLaw
942 _cTEXL
_h339.46, MEI
999 _c1371279
_d1371279